000
00255nam a2200097Ia 4500
001
1066783
005
20250827001759.0
008
250824s9999 xx 000 0 und d
245
0
_a
ANA BABA VE ÇOCUK
_c
HALUK YAVUZER
260
_b
REMZİ KİTABEVİ YAYINLARI
999
_c
1066783
_d
1066783